Vo Francúzsku výmena politickej generácie Jean-Christophe Ploquin, šéfredaktor zahraničnopolitickej rubriky denníka ...

Bibliographic Details
Main Authors: Macák, Tibor (Author, Interviewer), Ploquin, Jean-Christophe (Author)
Format: Article
Language:Slovak
ISSN:1335-4426
Subjects:

MARC

LEADER 00000nab a2200000 ar4500
001 vtls008933170
003 SK-MaSNL
005 20260304041243.0
008 070108c2006 xo wr|p|||||||000 b|slo
015 |a SNBRB2007/01  |2 snkbucl 
040 |a SNKBUCL  |b slo  |c SNKBUCL  |e AACR2 
041 0 |a slo 
044 |a xo  |c SK 
080 |a 324:342.511  |x (44)  |2 2001 
080 |a 342.849.2  |x (44)  |2 2001 
100 1 |a Macák, Tibor  |4 ivr  |4 aut  |9 391375 
245 1 0 |a Vo Francúzsku výmena politickej generácie  |b Jean-Christophe Ploquin, šéfredaktor zahraničnopolitickej rubriky denníka ...  |c [zhováral sa] Tibor Macák 
648 7 |a 2007  |2 snkbucl  |9 313226 
650 0 7 |a volebná kampaň  |2 snkbucl  |9 4513 
650 0 7 |a prezidentské voľby  |2 snkbucl  |9 4489 
651 7 |a Francúzsko  |2 snkbucl  |9 15907 
700 1 |a Ploquin, Jean-Christophe  |4 ive  |4 aut  |9 1323006 
773 0 |t Domino fórum  |g Roč. XV, č. 47 (2006), s. 9  |x 1335-4426 
852 |a SNK  |b KIS3GCP 
958 |a FR 
999 |c 2667412  |d 2669342